000 00786nam a22002417a 4500
003 UA-OsUOA
001 137536
007 ta
008 20190527b un ||||| |||| 00| 0 ukr d
100 _aЗахідна О. Р.
700 _aКравцова О. В.
700 _aНазар Н. В.
090 _a330(477)
_bЗ-38
942 _cSA
040 _aUA-OsUOA
_bukr
_cUA-OsUOA
_dUA-OsUOA
245 _aВплив бюджетної безпеки на соціально-економічний розвиток України на сучасному етапі
300 _aС.31-35
955 _a0
041 _aukr
080 _a330(477)
773 0 _w137529
_tЕкономіка. Фінанси. Право.
_dК.
_d2019
_g4
650 7 _a330 Економіка взагалі
_2UDC
999 _c418981
_d418981